[Event "GER-chT U16"]
[Site "Greifswald"]
[Date "2003.12.30"]
[Round "7.4"]
[White "Schneider, Olaf"]
[Black "Van Orsouw, Svenja"]
[Result "1/2-1/2"]
[WhiteElo "1410"]
[BlackElo "1486"]
[PlyCount "45"]
[EventDate "2003.12.27"]
[EventType "team-swiss"]
[EventRounds "7"]
[EventCountry "GER"]
[SourceTitle "EXT 2022"]
[Source "ChessBase"]
[SourceDate "2021.10.06"]
[SourceVersion "1"]
[SourceVersionDate "2021.10.06"]
[SourceQuality "1"]
[WhiteTeam "Kuppenheim Rochade U16"]
[BlackTeam "Heinsberg U16"]
[WhiteTeamCountry "GER"]
[BlackTeamCountry "GER"]

1. e4 c5 2. g3 e6 3. Bg2 Nc6 4. Nf3 d5 5. exd5 exd5 6. 0-0 Be6 7. d4 Qb6 8. dxc5 Bxc5 9. Nc3 Nge7 10. Na4 Qa5 11. Nxc5 Qxc5 12. Be3 Qa5 13. Nd4 Nxd4 14. Bxd4 0-0 15. Bc3 Qb6 16. Re1 Rfe8 17. Qd2 Qc6 18. h4 Rad8 19. Qg5 Nf5 20. h5 h6 21. Qf4 b6 22. Rad1 Qd7 23. Bb4 1/2-1/2

[Event "GER-chT U12"]
[Site "Verden"]
[Date "2000.12.30"]
[Round "3.2"]
[White "Mijatovic, Vladimir"]
[Black "Schneider, Olaf"]
[Result "1-0"]
[WhiteElo "1521"]
[BlackElo "873"]
[PlyCount "55"]
[EventDate "2000.12.26"]
[EventType "team"]
[EventRounds "7"]
[EventCountry "GER"]
[SourceTitle "EXT 2008"]
[Source "ChessBase"]
[SourceDate "2007.11.25"]
[SourceVersion "1"]
[SourceVersionDate "2007.11.25"]
[SourceQuality "1"]
[WhiteTeam "Wolfbusch U12"]
[BlackTeam "Kuppenheim Rochade U12"]
[WhiteTeamCountry "GER"]
[BlackTeamCountry "GER"]

1. e4 e5 2. Bc4 Nf6 3. d3 Nc6 4. Nf3 d6 5. 0-0 Bg4 6. c3 Be7 7. Nbd2 0-0 8. Bb3 d5 9. Re1 d4 10. Bc2 Bd6 11. Nf1 h6 12. h3 Bh5 13. g4 Bg6 14. Ng3 Re8 15. Qe2 Qe7 16. Bb3 a6 17. Nh4 Bh7 18. Nhf5 Bxf5 19. Nxf5 Qd8 20. Kh1 a5 21. g5 hxg5 22. Bxg5 Bf8 23. Rg1 g6 24. Qf3 Bg7 25. Bh6 Bh8 26. Rxg6+ Kh7 27. Bxf7 Re6 28. Bg5 1-0

[Event "GER-chT U12"]
[Site "Verden"]
[Date "2000.12.30"]
[Round "5.2"]
[White "Moser, Christian"]
[Black "Schneider, Olaf"]
[Result "1/2-1/2"]
[WhiteElo "1064"]
[BlackElo "873"]
[PlyCount "123"]
[EventDate "2000.12.26"]
[EventType "team"]
[EventRounds "7"]
[EventCountry "GER"]
[SourceTitle "EXT 2008"]
[Source "ChessBase"]
[SourceDate "2007.11.25"]
[SourceVersion "1"]
[SourceVersionDate "2007.11.25"]
[SourceQuality "1"]
[WhiteTeam "Rossdorf U12"]
[BlackTeam "Kuppenheim Rochade U12"]
[WhiteTeamCountry "GER"]
[BlackTeamCountry "GER"]

1. Nf3 Nf6 2. d4 e6 3. c4 Bb4+ 4. Bd2 Nc6 5. Bxb4 Nxb4 6. e3 0-0 7. a3 Nc6 8. Nc3 d5 9. Bd3 b6 10. 0-0 Ba6 11. cxd5 Bxd3 12. Qxd3 Nxd5 13. Nxd5 exd5 14. Rac1 Ne7 15. Rc2 Ng6 16. Rfc1 Rc8 17. Qa6 Re8 18. Qxa7 Re7 19. Qxb6 cxb6 20. Rxc8 Qxc8 21. Rxc8+ Nf8 22. Rd8 Rc7 23. h3 Rc2 24. Rxd5 Rxb2 25. Ne5 Rb3 26. a4 Rb4 27. a5 bxa5 28. Rxa5 Rb1+ 29. Kh2 Rb2 30. Kg3 f6 31. Nf3 Ng6 32. Ra1 Kf7 33. Rf1 Ne7 34. h4 g6 35. Kh3 h6 36. g4 Nd5 37. g5 h5 38. gxf6 Kxf6 39. Kg3 Kf5 40. Re1 Kf6 41. Rd1 Nc3 42. Rf1 Nd5 43. Ng5 Re2 44. Kf3 Rb2 45. Rd1 Nc3 46. Re1 Rb3 47. Ne4+ Nxe4 48. Kxe4 Rb2 49. Kf3 Rb3 50. Kg3 Kf5 51. f3 Rd3 52. Kf2 Rd2+ 53. Re2 Rd3 54. Rc2 Rd1 55. Rc5+ Kf6 56. Re5 Rd2+ 57. Kg3 Rd1 58. Kg2 Rd2+ 59. Kg3 Rd1 60. f4 Rg1+ 61. Kh2 Rg4 62. Kh3 1/2-1/2

[Event "GER-chT U12"]
[Site "Verden"]
[Date "2000.12.30"]
[Round "4.2"]
[White "Schneider, Olaf"]
[Black "Lubbe, Alexander"]
[Result "1/2-1/2"]
[WhiteElo "873"]
[BlackElo "1228"]
[PlyCount "104"]
[EventDate "2000.12.26"]
[EventType "team"]
[EventRounds "7"]
[EventCountry "GER"]
[SourceTitle "EXT 2008"]
[Source "ChessBase"]
[SourceDate "2007.11.25"]
[SourceVersion "1"]
[SourceVersionDate "2007.11.25"]
[SourceQuality "1"]
[WhiteTeam "Kuppenheim Rochade U12"]
[BlackTeam "Wilhelmshaven U12"]
[WhiteTeamCountry "GER"]
[BlackTeamCountry "GER"]

1. e4 d5 2. exd5 Qxd5 3. Nc3 Qa5 4. d3 Nf6 5. Bd2 Bg4 6. Be2 Bxe2 7. Qxe2 Nc6 8. Nf3 e6 9. d4 0-0-0 10. Rd1 Nxd4 11. Nxd4 Rxd4 12. Nb5 Rxd2 13. Qxd2 Bb4 14. c3 Qxb5 15. cxb4 Qe5+ 16. Qe2 Qxe2+ 17. Kxe2 Nd5 18. Rd4 Kd7 19. Rc1 Kd6 20. Kf1 c6 21. Rcd1 Ke7 22. Re1 f5 23. b5 Kd6 24. bxc6 bxc6 25. a3 Rb8 26. b4 Rb6 27. f4 Ra6 28. Ra1 Ra4 29. g3 a5 30. Rdd1 axb4 31. axb4 Rxb4 32. Ra7 c5 33. Rxg7 c4 34. Rg8 Ke7 35. Rc1 Rb2 36. Kg1 c3 37. Rc8 Rb3 38. Kf1 Kd6 39. h3 c2 40. Kf2 Nb4 41. R1xc2 Nxc2 42. Rxc2 e5 43. fxe5+ Kxe5 44. Rc7 h6 45. Rc6 h5 46. Rh6 Ke4 47. Rxh5 Rb2+ 48. Kf1 Kf3 49. Rxf5+ Kxg3 50. Rh5 Rh2 51. h4 Rxh4 52. Rxh4 Kxh4 1/2-1/2